Statistiques concernant Culture Générale - Série 1391

Cliquez ici pour prendre le quiz!

Statistiques générales

  • Ce quiz a été pris 115 fois
  • Le résultat moyen est 5 sur 10

Statistiques - réponses

QuestionRéponse% Correct
A quelle forme géométrique associe-t-on traditionnellement la France métropolitaine ?hexagone
95%
Dans les albums de Lucky Luke , Averell, Jack, William et Joe, sont les frères ...Dalton
94%
Dans quel sport Just Fontaine s'est-il illustré ?football
78%
Quelle fraise de forme oblongue, précoce et très parfumée, tire son nom du terrain aride méditerranéen à végétation broussailleuse ?gariguette
60%
De quelle province italienne Turin est-il le chef lieu ?Piémont
46%
En 1872, qui compose la musique de scène de "L'Arlésienne", le drame d'Alphonse Daudet ?Georges Bizet
31%
Quel comédien est le partenaire principal de Sophia Loren dans “Une journée particulière” ?Marcello Mastroianni
18%
Quelle est la capitale de la province espagnole des Asturies ?Oviedo
16%
A quel philosophe latin, précepteur de Néron, attribue-t-on les "Lettres à Lucilius" ?Sénèque
12%
La sixième femme du roi Henri VIII d'Angleterre s'appelait Catherine ...Parr
8%

Distribution des résultats

Percentile par nombre de réponses

% des personnes avec chaque résultat

Votre développement - résultats

Vous n’avez pas pris ce quiz